| 000 | 00410nam a22001697a 4500 | ||
|---|---|---|---|
| 003 | SGT | ||
| 020 | _a978-0-7020-7027-3 | ||
| 082 |
_a616 _bD18R |
||
| 100 | _aRALSTONE, STUART | ||
| 245 | _aDAVIDSON'S PRINCIPLES AND PRACTICE OF MEDICINE | ||
| 250 | _a23RD | ||
| 260 |
_aNEW DELHI _bELSEVIER _c2018 |
||
| 300 | _a1417 | ||
| 650 | _aAYURVEDA | ||
| 653 | _aMEDICINE, PRACTICE, MEDICINE, | ||
| 942 |
_2ddc _cBK _029 |
||
| 999 |
_c16920 _d16920 |
||